000
00339nam a22001457a 4500
008
210308b ||||| |||| 00| 0 eng d
020
_a
2901933005545
041
_a
eng
080
_a
159.9
082
_a
159.9
100
_a
48
101
_a
PSI
245
_a
General Psychology with Spotlights on Diversity
_c
Gerow, J
942
_2
udc
_c
BK
999
_c
55917
_d
55917